[Event "4NCL Division Three Knights"]
[Site "Warwick, ENG"]
[Date "2024.02.11"]
[Round "6.42"]
[White "Robson, Ian A"]
[Black "Elwin, Adrian G"]
[Result "1-0"]
[WhiteElo "2075"]
[BlackElo "2034"]
[PlyCount "47"]
[EventDate "2024.02.11"]
[WhiteTeam "Wotton Hall"]
[BlackTeam "MK Phoenix"]

1. e4 c6 2. Nf3 d5 3. exd5 cxd5 4. Ne5 Nc6 5. d4 Nf6 6. c3 e6 7. Nd2 Bd6 8. f4
Qe7 9. Bd3 Bd7 10. O-O g6 11. Qe2 O-O-O 12. b4 Nh5 13. b5 Nb8 14. c4 f6 15. c5
Bxc5 16. dxc5 fxe5 17. fxe5 Rdf8 18. Nf3 Nf4 19. Qc2 Nxd3 20. Qxd3 Qxc5+ 21.
Be3 Qxb5 22. Rac1+ Kd8 23. Bg5+ Ke8 24. Rc8+ 1-0

[Event "4NCL Division Three Knights"]
[Site "Warwick, ENG"]
[Date "2024.02.11"]
[Round "6.43"]
[White "Brown, Alan M"]
[Black "Ashworth, Michael"]
[Result "1/2-1/2"]
[WhiteElo "2007"]
[BlackElo "2001"]
[PlyCount "45"]
[EventDate "2024.02.11"]
[WhiteTeam "MK Phoenix"]
[BlackTeam "Wotton Hall"]

1. Nf3 Nf6 2. g3 g6 3. Bg2 Bg7 4. O-O O-O 5. c4 d6 6. Nc3 e5 7. d4 Nbd7 8. b3
Re8 9. Bb2 c6 10. e3 Qa5 11. Nd2 d5 12. a3 exd4 13. exd4 dxc4 14. Nxc4 Qc7 15.
d5 Nxd5 16. Nxd5 cxd5 17. Qxd5 Bxb2 18. Nxb2 Nb6 19. Qd2 Be6 20. Rac1 Qe7 21.
b4 Red8 22. Qe2 Rac8 23. Rfd1 1/2-1/2

[Event "4NCL Division Three Knights"]
[Site "Warwick, ENG"]
[Date "2024.02.11"]
[Round "6.44"]
[White "Ashworth, Robert"]
[Black "Freeman, Richard C P"]
[Result "1-0"]
[WhiteElo "1881"]
[BlackElo "1956"]
[PlyCount "43"]
[EventDate "2024.02.11"]
[WhiteTeam "Wotton Hall"]
[BlackTeam "MK Phoenix"]

1. e4 c5 2. Nf3 g6 3. c4 Bg7 4. d4 cxd4 5. Nxd4 Nc6 6. Be3 Nf6 7. Nc3 O-O 8.
Be2 b6 9. O-O Bb7 10. f3 e6 11. Ndb5 d5 12. cxd5 exd5 13. exd5 Nb4 14. d6 Nbd5
15. Bg5 Qd7 16. Bc4 Nxc3 17. Nxc3 Rfc8 18. Qb3 Ne8 19. Rad1 Nxd6 20. Nb5 Rxc4
21. Rxd6 Qc8 22. Rd8+ 1-0

[Event "4NCL Division Three Knights"]
[Site "Warwick, ENG"]
[Date "2024.02.11"]
[Round "6.45"]
[White "Obi, Okwose Marc"]
[Black "Moldovan, Alexandru-Mitic"]
[Result "1-0"]
[WhiteElo "1905"]
[BlackElo "1885"]
[PlyCount "119"]
[EventDate "2024.02.11"]
[WhiteTeam "MK Phoenix"]
[BlackTeam "Wotton Hall"]

1. e4 e5 2. Nc3 Nf6 3. f4 d6 4. Bc4 c6 5. fxe5 dxe5 6. Nf3 Bg4 7. Bxf7+ Ke7 8.
Bb3 b5 9. Qe2 Nbd7 10. O-O Nc5 11. d3 Nxb3 12. axb3 Kd6 13. Be3 a6 14. Qf2 Bxf3
15. Qxf3 Kc7 16. Qg3 Qd6 17. d4 Qe6 18. Qxe5+ Qxe5 19. dxe5 Ng4 20. Rf7+ Kc8
21. Bf4 Bc5+ 22. Kf1 g5 23. Bxg5 Nxh2+ 24. Ke2 Ng4 25. Bf6 Re8 26. Rxh7 Ne3 27.
Kd2 Nxg2 28. Rah1 Nf4 29. Ne2 Ne6 30. Ng3 Ra7 31. Rxa7 Bxa7 32. Rh7 Bb6 33. Nf5
Ba5+ 34. c3 Kb8 35. b4 Bc7 36. Ke3 a5 37. bxa5 Bxa5 38. Ng7 Bb6+ 39. Kf3 Nxg7
40. Rxg7 b4 41. Kf4 bxc3 42. bxc3 Ba5 43. c4 Kc8 44. Kf5 Bc7 45. c5 Ba5 46. Be7
Rh8 47. e6 Rh5+ 48. Rg5 Rh1 49. Rg8+ Kb7 50. Bd6 Rf1+ 51. Kg6 Rg1+ 52. Kf7 Rf1+
53. Ke7 Rh1 54. Rb8+ Ka7 55. Kd7 Rh7+ 56. e7 Ka6 57. Ra8+ Kb7 58. Rxa5 Rh8 59.
Ra1 Rd8+ 60. exd8=N# 1-0

[Event "4NCL Division Three Knights"]
[Site "Warwick, ENG"]
[Date "2024.02.11"]
[Round "6.46"]
[White "Maclannan, Richard"]
[Black "Williamson, Kevin J"]
[Result "0-1"]
[WhiteElo "1764"]
[BlackElo "1846"]
[PlyCount "62"]
[EventDate "2024.02.11"]
[WhiteTeam "Wotton Hall"]
[BlackTeam "MK Phoenix"]

1. d4 d6 2. e4 e5 3. Nf3 exd4 4. Bc4 Nc6 5. O-O Nf6 6. c3 Be7 7. cxd4 O-O 8.
Nc3 Nxe4 9. Nd5 Be6 10. Nxe7+ Nxe7 11. Bxe6 fxe6 12. Qb3 Qc8 13. Qc2 d5 14. Ne5
Nf5 15. f3 Nf6 16. Rd1 c6 17. b3 Qc7 18. Qc3 Nd7 19. Bf4 Nxe5 20. Bxe5 Qf7 21.
f4 Ne7 22. g3 Ng6 23. Bd6 Rfe8 24. Qf3 Rad8 25. Bb4 e5 26. dxe5 Rxe5 27. Qd3
Ree8 28. Rac1 Qd7 29. Kg2 Qg4 30. Kf2 Nxf4 31. Qf3 Re2+ 0-1

[Event "4NCL Division Three Knights"]
[Site "Warwick, ENG"]
[Date "2024.02.11"]
[Round "6.51"]
[White "Stubbs, Oliver"]
[Black "Quinn, John M"]
[Result "1-0"]
[WhiteElo "2212"]
[BlackElo "2091"]
[PlyCount "115"]
[EventDate "2024.02.11"]
[WhiteTeam "Poole Patzers"]
[BlackTeam "Celtic Tigers 2"]

1. d4 Nf6 2. Nf3 g6 3. Bf4 Bg7 4. e3 O-O 5. Be2 d6 6. h3 b6 7. O-O Bb7 8. a4 a5
9. Bh2 c5 10. c3 Nbd7 11. Nbd2 Rc8 12. Re1 Re8 13. Bf1 Ne4 14. Nxe4 Bxe4 15.
Ng5 Bb7 16. d5 h6 17. Nf3 Ne5 18. Nxe5 dxe5 19. e4 Qd6 20. Bc4 Rcd8 21. Qe2 Bc8
22. Rad1 Rf8 23. Rd3 Kh7 24. b3 Bd7 25. Rf1 g5 26. Kh1 Qg6 27. d6 exd6 28. Rfd1
Bc6 29. Bd5 Bxd5 30. Rxd5 f5 31. f3 fxe4 32. Qxe4 Qxe4 33. fxe4 c4 34. bxc4 Rc8
35. c5 Rxc5 36. Rxc5 dxc5 37. Kg1 Bf6 38. c4 Rd8 39. Rxd8 Bxd8 40. Bxe5 Kg6 41.
Kf2 h5 42. g4 hxg4 43. hxg4 Kf7 44. Ke3 Ke6 45. Bb8 Kd7 46. e5 Kc8 47. Bd6 Kd7
48. Ke4 Ke6 49. Bb8 b5 50. cxb5 Bb6 51. Bd6 c4 52. Ba3 Bc7 53. Bb2 Bb6 54. Bc3
Bc7 55. Kd4 Bxe5+ 56. Kxc4 Bc7 57. Kc5 Bd6+ 58. Kc6 1-0

[Event "4NCL Division Three Knights"]
[Site "Warwick, ENG"]
[Date "2024.02.11"]
[Round "6.52"]
[White "Franco, Gaston"]
[Black "Waddington, Mike P"]
[Result "0-1"]
[WhiteElo "2036"]
[BlackElo "2103"]
[PlyCount "66"]
[EventDate "2024.02.11"]
[WhiteTeam "Celtic Tigers 2"]
[BlackTeam "Poole Patzers"]

1. e4 e5 2. Nf3 Nc6 3. Bb5 f5 4. d3 fxe4 5. dxe4 Nf6 6. O-O Bc5 7. Nc3 d6 8.
Bg5 O-O 9. Bc4+ Kh8 10. Nd5 Be6 11. Bxf6 gxf6 12. Nh4 Qd7 13. Qh5 Qg7 14. Ne7
Nxe7 15. Bxe6 Qg5 16. Qxg5 fxg5 17. Nf5 Nxf5 18. Bxf5 d5 19. Rae1 d4 20. Rd1
Rad8 21. Rd3 Rd6 22. a4 Rb6 23. b3 Bb4 24. Bd7 a6 25. Rfd1 Rbf6 26. f3 Rd6 27.
Bf5 Rc6 28. Rc1 Ba3 29. Rcd1 Rxc2 30. R1d2 Rc6 31. Kf1 Bb4 32. Ra2 Rd8 33. Kf2
Kg7 0-1

[Event "4NCL Division Three Knights"]
[Site "Warwick, ENG"]
[Date "2024.02.11"]
[Round "6.53"]
[White "Weatherlake, John P"]
[Black "Serbanescu, Diana-Maria"]
[Result "0-1"]
[WhiteElo "2036"]
[BlackElo "2020"]
[PlyCount "50"]
[EventDate "2024.02.11"]
[WhiteTeam "Poole Patzers"]
[BlackTeam "Celtic Tigers 2"]

1. e4 e5 2. Nc3 Nf6 3. Bc4 Bc5 4. f4 d6 5. Nf3 Qe7 6. d3 c6 7. Qe2 Nbd7 8. f5
b5 9. Bb3 a5 10. Ng5 O-O 11. a3 Bb7 12. g4 d5 13. h4 b4 14. Nd1 a4 15. Ba2 bxa3
16. bxa3 Bxa3 17. Nf3 Bxc1 18. Rxc1 dxe4 19. dxe4 Qb4+ 20. Nd2 Ba6 21. Qg2 Nc5
22. g5 Nfxe4 23. g6 hxg6 24. fxg6 Nxd2 25. Qxd2 Qe4+ 0-1

[Event "4NCL Division Three Knights"]
[Site "Warwick, ENG"]
[Date "2024.02.11"]
[Round "6.54"]
[White "Pedersen, Carsten"]
[Black "Smith, Richard"]
[Result "1-0"]
[WhiteElo "2052"]
[BlackElo "1911"]
[PlyCount "77"]
[EventDate "2024.02.11"]
[WhiteTeam "Celtic Tigers 2"]
[BlackTeam "Poole Patzers"]

1. e4 e5 2. Nc3 Nc6 3. Bc4 Nf6 4. d3 Na5 5. Nf3 Nxc4 6. dxc4 Bb4 7. Bd2 O-O 8.
Qe2 d6 9. h3 c6 10. O-O Re8 11. Rad1 Ba5 12. Qd3 h6 13. Rfe1 Bc7 14. Nh4 d5 15.
cxd5 cxd5 16. exd5 e4 17. Nxe4 Nxd5 18. Nf3 Be6 19. Nc5 Qf6 20. Nxe6 fxe6 21.
Qd4 Qg6 22. Qe4 Qf6 23. c4 Nf4 24. Bxf4 Bxf4 25. Rd7 b6 26. g3 Bg5 27. h4 Rf8
28. Kg2 Qxf3+ 29. Qxf3 Rxf3 30. Kxf3 Bf6 31. b3 Rf8 32. Rxe6 Bd4+ 33. Ke4 Bxf2
34. Ree7 Rf6 35. Rxg7+ Kf8 36. Rg4 a5 37. Rf4 Rxf4+ 38. Kxf4 Kg8 39. h5 1-0

[Event "4NCL Division Three Knights"]
[Site "Warwick, ENG"]
[Date "2024.02.11"]
[Round "6.55"]
[White "Fuller, David Michael"]
[Black "Stevenson, James"]
[Result "1/2-1/2"]
[WhiteElo "1941"]
[BlackElo "1992"]
[PlyCount "87"]
[EventDate "2024.02.11"]
[WhiteTeam "Poole Patzers"]
[BlackTeam "Celtic Tigers 2"]

1. e4 Nc6 2. Nf3 Nf6 3. e5 Nd5 4. d4 d6 5. Be2 Bg4 6. c4 Nb6 7. exd6 exd6 8. b3
d5 9. c5 Nc8 10. h3 Bh5 11. O-O a6 12. Re1 Be7 13. Ne5 Bxe2 14. Rxe2 Nxe5 15.
Rxe5 O-O 16. Qg4 Kh8 17. Nc3 c6 18. Bd2 Bf6 19. Bg5 Bxg5 20. Rxg5 g6 21. Re5
Ne7 22. Rae1 Nf5 23. Qf4 f6 24. R5e2 Rf7 25. Nd1 Qc7 26. Qd2 Kg7 27. Ne3 Qf4
28. Nxf5+ Qxf5 29. Re6 Raf8 30. b4 Qh5 31. Qe2 Qxe2 32. R1xe2 h5 33. f4 Rd8 34.
Kf2 a5 35. a3 axb4 36. axb4 Ra8 37. Rb2 Ra4 38. g3 f5 39. Rb3 Rd7 40. Kf3 Kf7
41. Ree3 Re7 42. Rxe7+ Kxe7 43. h4 Kd7 44. Ke3 1/2-1/2

[Event "4NCL Division Three Knights"]
[Site "Warwick, ENG"]
[Date "2024.02.11"]
[Round "6.56"]
[White "Bryant, Harry"]
[Black "Clancy, Martin J"]
[Result "1-0"]
[WhiteElo "1969"]
[BlackElo "1821"]
[PlyCount "88"]
[EventDate "2024.02.11"]
[WhiteTeam "Celtic Tigers 2"]
[BlackTeam "Poole Patzers"]

1. e4 c5 2. Nf3 d6 3. d4 cxd4 4. Nxd4 Nf6 5. Nc3 a6 6. h3 e5 7. Nf3 Be6 8. g4
h6 9. Be3 b5 10. a4 b4 11. Nd5 Nbd7 12. a5 Bxd5 13. exd5 Qc7 14. Qd2 Be7 15. b3
Nc5 16. Bc4 Nce4 17. Qxb4 O-O 18. Bb6 Qd7 19. Bd3 Nc5 20. Bf5 Qb7 21. c4 e4 22.
Bxc5 Qxb4+ 23. Bxb4 exf3 24. Bc2 Rfc8 25. Kd2 Nd7 26. Bc3 Bg5+ 27. Kd1 Re8 28.
Bf5 Nc5 29. b4 Ne4 30. Bd4 Nd2 31. Bd3 Nb3 32. Bc3 Nxa1 33. Bxa1 Bh4 34. Bd4
Rab8 35. b5 axb5 36. cxb5 Bf6 37. Bxf6 gxf6 38. Kd2 Re5 39. a6 Rxd5 40. a7 Ra8
41. b6 Ra5 42. Rc1 Kg7 43. b7 R5xa7 44. bxa8=Q Rxa8 1-0

[Event "4NCL Division Three Knights"]
[Site "Warwick, ENG"]
[Date "2024.02.11"]
[Round "6.61"]
[White "Wilson, Jaimie"]
[Black "Buanne, Luca"]
[Result "1/2-1/2"]
[WhiteElo "2105"]
[BlackElo "2110"]
[PlyCount "84"]
[EventDate "2024.02.11"]
[WhiteTeam "Wessex A"]
[BlackTeam "CSC/Kingston 2"]

1. c4 Nf6 2. Nf3 e6 3. g3 d5 4. Bg2 d4 5. d3 c5 6. O-O Nc6 7. e3 Be7 8. exd4
cxd4 9. Na3 O-O 10. Nc2 a5 11. b3 e5 12. Re1 Qc7 13. Ba3 Re8 14. Bxe7 Rxe7 15.
a3 Bf5 16. Qd2 Rd8 17. b4 e4 18. Nh4 e3 19. fxe3 dxe3 20. Rxe3 Rxe3 21. Nxe3
Bxd3 22. Nd5 Nxd5 23. cxd5 Ne5 24. Rc1 Qb6+ 25. Qf2 Qxf2+ 26. Kxf2 axb4 27.
axb4 Bc4 28. Ke3 b5 29. Nf5 Nd3 30. Rb1 Kf8 31. Kd4 Ba2 32. Ra1 Bxd5 33. Bxd5
Nxb4 34. Ne3 Rxd5+ 35. Nxd5 Nc2+ 36. Kc3 Nxa1 37. Kb2 f5 38. Kxa1 Kf7 39. Kb2
Ke6 40. Nc7+ Ke5 41. Nxb5 f4 42. Kc3 fxg3 1/2-1/2

[Event "4NCL Division Three Knights"]
[Site "Warwick, ENG"]
[Date "2024.02.11"]
[Round "6.62"]
[White "Hasson, Peter"]
[Black "McDougall, William"]
[Result "1-0"]
[WhiteElo "2087"]
[BlackElo "2083"]
[PlyCount "81"]
[EventDate "2024.02.11"]
[WhiteTeam "CSC/Kingston 2"]
[BlackTeam "Wessex A"]

1. c4 e5 2. g3 c6 3. Nf3 e4 4. Nd4 Nf6 5. Nc3 d5 6. cxd5 cxd5 7. Bg2 Qb6 8. Nc2
Bd7 9. O-O Bc6 10. d3 Nbd7 11. dxe4 dxe4 12. Nd4 Bc5 13. Nxc6 Qxc6 14. Qc2 O-O
15. Bxe4 Nxe4 16. Qxe4 Qxe4 17. Nxe4 Rfe8 18. Nxc5 Nxc5 19. Be3 Na4 20. Rfc1 b6
21. b3 Nc5 22. Bxc5 bxc5 23. e3 Rec8 24. Rc4 Rc6 25. Rac1 Rac8 26. b4 Kf8 27.
Rxc5 Rxc5 28. Rxc5 Rxc5 29. bxc5 Ke7 30. Kf1 Kd7 31. Ke2 Kc6 32. Kd3 Kxc5 33.
Kc3 h5 34. h4 f6 35. e4 g5 36. f3 a6 37. a3 gxh4 38. gxh4 Kc6 39. Kc4 Kd6 40.
f4 Ke6 41. Kc5 1-0

[Event "4NCL Division Three Knights"]
[Site "Warwick, ENG"]
[Date "2024.02.11"]
[Round "6.63"]
[White "Lukosius, Rolandas"]
[Black "Amato, Giampiero"]
[Result "1-0"]
[WhiteElo "2063"]
[BlackElo "2046"]
[PlyCount "61"]
[EventDate "2024.02.11"]
[WhiteTeam "Wessex A"]
[BlackTeam "CSC/Kingston 2"]

1. d4 Nf6 2. c4 g6 3. Nc3 Bg7 4. e4 d6 5. Nf3 O-O 6. Be2 Na6 7. O-O e5 8. Be3
Ng4 9. Bg5 Qe8 10. dxe5 dxe5 11. h3 h6 12. Bd2 Nf6 13. Be3 c6 14. Qd6 Kh7 15.
Rfd1 Nh5 16. c5 Nb4 17. Ne1 Be6 18. a3 Na6 19. Bxa6 bxa6 20. Nd3 Rd8 21. Qc7
Rd7 22. Qa5 Bb3 23. Rd2 Qc8 24. Nb4 Rxd2 25. Bxd2 Rd8 26. Be3 Bc4 27. Nxc6 Rd3
28. Nxa7 Qd7 29. c6 Qe6 30. c7 Nf4 31. c8=R 1-0

[Event "4NCL Division Three Knights"]
[Site "Warwick, ENG"]
[Date "2024.02.11"]
[Round "6.64"]
[White "Way, Julian M"]
[Black "Pleasants, Allan J"]
[Result "0-1"]
[WhiteElo "1975"]
[BlackElo "1994"]
[PlyCount "72"]
[EventDate "2024.02.11"]
[WhiteTeam "CSC/Kingston 2"]
[BlackTeam "Wessex A"]

1. e4 g6 2. d4 Bg7 3. Nc3 d6 4. f4 Nf6 5. Bd3 O-O 6. Nf3 Nc6 7. O-O Bg4 8. Be3
Nd7 9. e5 Nb4 10. Be2 c5 11. dxc5 dxe5 12. fxe5 Nxe5 13. Nxe5 Bxe2 14. Qxe2
Bxe5 15. Bh6 Bg7 16. Bxg7 Kxg7 17. Kh1 Nc6 18. Rad1 Qa5 19. Qf2 Rad8 20. a3
Rxd1 21. Rxd1 Rd8 22. Rf1 Ne5 23. Qe3 f6 24. Ne4 Qb5 25. Qf2 Qc6 26. Qe2 Rd4
27. Ng5 Qd5 28. Nf3 Re4 29. Qf2 Ng4 30. Qg3 Ne3 31. Rc1 Nxc2 32. Qf2 Ne3 33. h3
Nf5 34. b4 Re2 35. Qg1 Ng3+ 36. Kh2 Qxf3 0-1

[Event "4NCL Division Three Knights"]
[Site "Warwick, ENG"]
[Date "2024.02.11"]
[Round "6.65"]
[White "De Coverly, Roger D"]
[Black "Foley, John P"]
[Result "0-1"]
[WhiteElo "1934"]
[BlackElo "1951"]
[PlyCount "82"]
[EventDate "2024.02.11"]
[WhiteTeam "Wessex A"]
[BlackTeam "CSC/Kingston 2"]

1. e4 c6 2. d4 d5 3. e5 c5 4. c3 Nc6 5. Nf3 Bg4 6. dxc5 e6 7. b4 a6 8. Bf4 Nge7
9. Bd3 Ng6 10. Bxg6 hxg6 11. Nbd2 Be7 12. h3 f5 13. Qa4 g5 14. Bh2 Bxf3 15.
Nxf3 Kf7 16. Nd4 Qd7 17. Nxc6 bxc6 18. f4 a5 19. Qc2 gxf4 20. Bxf4 g5 21. Bh2
Rh4 22. Qd2 g4 23. Bg3 Rh5 24. Ke2 axb4 25. hxg4 bxc3 26. Qc2 Rxh1 27. Rxh1 Qa7
28. gxf5 Qxa2 29. fxe6+ Kxe6 30. Rh6+ Kd7 31. e6+ Ke8 32. Rh8+ Bf8 33. Qxa2
Rxa2+ 34. Kd1 Ke7 35. Bd6+ Kxe6 36. Rxf8 d4 37. Re8+ Kd5 38. Re2 Ra1+ 39. Kc2
Kc4 40. Re4 Ra2+ 41. Kb1 Kb3 0-1

[Event "4NCL Division Three Knights"]
[Site "Warwick, ENG"]
[Date "2024.02.11"]
[Round "6.66"]
[White "Stayt, James N"]
[Black "MacNeil, Elliott"]
[Result "0-1"]
[WhiteElo "1894"]
[BlackElo "1940"]
[PlyCount "42"]
[EventDate "2024.02.11"]
[WhiteTeam "CSC/Kingston 2"]
[BlackTeam "Wessex A"]

1. e4 d6 2. d4 Nf6 3. Nc3 g6 4. Nf3 c6 5. h3 Bg7 6. Be3 Qc7 7. Be2 b5 8. a3
Nbd7 9. O-O a6 10. Nd2 e5 11. dxe5 Nxe5 12. f4 Ned7 13. Bf3 O-O 14. Nb3 Bb7 15.
Qe2 Rfe8 16. Rad1 Rad8 17. Qd3 Nb6 18. Nd2 c5 19. Rfe1 d5 20. exd5 Nfxd5 21.
Nxd5 Nxd5 0-1

﻿

[Event "4NCL Division Three Knights"]
[Site "Telford, ENG"]
[Date "2024.03.16"]
[Round "7.11"]
[White "Smith, Olivia"]
[Black "Stubbs, Oliver"]
[Result "1/2-1/2"]
[WhiteElo "2054"]
[BlackElo "2212"]
[PlyCount "127"]
[EventDate "2024.03.16"]
[WhiteTeam "Rhyfelwyr Essyllwg"]
[BlackTeam "Poole Patzers"]

1. Nf3 Nf6 2. g3 g6 3. Bg2 Bg7 4. O-O O-O 5. d3 c5 6. e4 Nc6 7. Nbd2 d6 8. c3
Bd7 9. Re1 b5 10. d4 cxd4 11. cxd4 Qb6 12. Nb3 d5 13. exd5 Nxd5 14. Ne5 Nxe5
15. dxe5 e6 16. Bxd5 exd5 17. Be3 Qb8 18. Bf4 Qe8 19. Rc1 Rc8 20. Nd4 Qe7 21.
Rxc8 Rxc8 22. Qd2 Re8 23. h4 b4 24. Kg2 a5 25. Bh6 Bh8 26. h5 Qc5 27. hxg6 hxg6
28. Bf4 Bg7 29. Rc1 Qb6 30. Re1 Qc5 31. Qd3 Qc4 32. Qd2 Qc8 33. Rc1 Bh3+ 34.
Kh2 Qd7 35. Re1 Bg4 36. f3 Bf5 37. Kg2 Rc8 38. Re2 Bh3+ 39. Kf2 Be6 40. Kg2 Rc4
41. Nxe6 Qxe6 42. Qd3 a4 43. Rd2 d4 44. b3 axb3 45. axb3 Rc8 46. Qxd4 Qxb3 47.
Qd7 Qe6 48. Qxe6 fxe6 49. Rb2 Rb8 50. Rb3 Bf8 51. Kf2 Rb5 52. Ke2 Be7 53. Kd3
Rd5+ 54. Ke4 Kf7 55. Be3 Rd1 56. f4 Ke8 57. g4 Rf1 58. Bd2 Rg1 59. Bxb4 Rxg4
60. Bxe7 Kxe7 61. Rb7+ Kf8 62. Kf3 Rg1 63. Rb6 Kf7 64. Rb7+ 1/2-1/2

[Event "4NCL Division Three Knights"]
[Site "Telford, ENG"]
[Date "2024.03.16"]
[Round "7.12"]
[White "Waddington, Mike P"]
[Black "Young, Alan"]
[Result "0-1"]
[WhiteElo "2103"]
[BlackElo "2028"]
[PlyCount "112"]
[EventDate "2024.03.16"]
[WhiteTeam "Poole Patzers"]
[BlackTeam "Rhyfelwyr Essyllwg"]

1. Nc3 d5 2. e4 dxe4 3. Nxe4 Nc6 4. Bc4 e6 5. Nf3 Nf6 6. Qe2 Nd4 7. Nxd4 Qxd4
8. Ng5 Be7 9. c3 Qg4 10. Qxg4 Nxg4 11. d4 O-O 12. O-O Bd6 13. h3 Nf6 14. Re1 b6
15. Nf3 Bb7 16. Ne5 c5 17. dxc5 Bxc5 18. Nd3 Bd6 19. a4 Rac8 20. Bb3 Nd7 21. a5
Nc5 22. Nxc5 Bxc5 23. axb6 axb6 24. Be3 Rfd8 25. Ra7 Bc6 26. Bg5 Rd7 27. Rxd7
Bxd7 28. Rd1 Bc6 29. Be3 Bxe3 30. fxe3 Kf8 31. Rd4 Ke7 32. Ba4 b5 33. Bc2 Ra8
34. Be4 Rc8 35. Bf3 Bd7 36. Rd1 f5 37. e4 g6 38. Ra1 Rc4 39. exf5 gxf5 40. Ra7
Kd6 41. Rb7 Rh4 42. Kf2 e5 43. g3 Ra4 44. Bd5 Ra1 45. Bg8 h5 46. h4 Rb1 47. b3
Rb2+ 48. Kf1 f4 49. gxf4 exf4 50. Rb8 f3 51. Rf8 Bh3+ 52. Ke1 Re2+ 53. Kd1 Bg4
54. c4 f2 55. c5+ Ke7 56. Rf7+ Ke8 0-1

[Event "4NCL Division Three Knights"]
[Site "Telford, ENG"]
[Date "2024.03.16"]
[Round "7.13"]
[White "Hewitt, William"]
[Black "Duggan, Michael F G"]
[Result "1/2-1/2"]
[WhiteElo "1977"]
[BlackElo "2036"]
[PlyCount "35"]
[EventDate "2024.03.16"]
[WhiteTeam "Rhyfelwyr Essyllwg"]
[BlackTeam "Poole Patzers"]

1. Nf3 Nf6 2. c4 g6 3. Nc3 d5 4. cxd5 Nxd5 5. g3 Bg7 6. Bg2 Nxc3 7. bxc3 O-O 8.
O-O c5 9. Qb3 Nc6 10. d3 Qa5 11. Bb2 e5 12. Nd2 Rd8 13. a4 Qc7 14. Rad1 Na5 15.
Qc2 Be6 16. c4 Nc6 17. Rfe1 Rab8 18. Ne4 1/2-1/2

[Event "4NCL Division Three Knights"]
[Site "Telford, ENG"]
[Date "2024.03.16"]
[Round "7.14"]
[White "Weatherlake, John P"]
[Black "Heaven, Pete"]
[Result "0-1"]
[WhiteElo "2036"]
[BlackElo "1971"]
[PlyCount "63"]
[EventDate "2024.03.16"]
[WhiteTeam "Poole Patzers"]
[BlackTeam "Rhyfelwyr Essyllwg"]

1. e4 c5 2. Nf3 d6 3. d4 cxd4 4. Nxd4 Nf6 5. Nc3 a6 6. Bg5 e6 7. f4 Be7 8. Qf3
Qc7 9. O-O-O Nbd7 10. f5 e5 11. Nde2 b5 12. Bxf6 Nxf6 13. Nd5 Nxd5 14. exd5 b4
15. Ng3 O-O 16. Ne4 f6 17. g4 a5 18. Kb1 a4 19. c4 bxc3 20. Qxc3 Qxc3 21. Nxc3
Bb7 22. a3 Rfc8 23. Bb5 Rc7 24. Nxa4 Ra5 25. Nc3 Rxc3 26. bxc3 Rxb5+ 27. Kc1
Bxd5 28. Rhg1 Bb3 29. Rde1 d5 30. Kd2 Ba2 31. Rc1 Bxa3 32. h4 0-1

[Event "4NCL Division Three Knights"]
[Site "Telford, ENG"]
[Date "2024.03.16"]
[Round "7.15"]
[White "Van Kemenade, Rudy"]
[Black "Smith, Richard"]
[Result "0-1"]
[WhiteElo "1944"]
[BlackElo "1911"]
[PlyCount "76"]
[EventDate "2024.03.16"]
[WhiteTeam "Rhyfelwyr Essyllwg"]
[BlackTeam "Poole Patzers"]

1. e4 e5 2. Nf3 Nc6 3. Bb5 a6 4. Ba4 Nf6 5. d3 Bc5 6. O-O b5 7. Bb3 d6 8. c3
Bb6 9. a4 b4 10. Nbd2 Rb8 11. Nc4 bxc3 12. bxc3 Bg4 13. Ba2 O-O 14. Ne3 Be6 15.
Nd5 Bxd5 16. exd5 Ne7 17. Bg5 Ng6 18. d4 h6 19. dxe5 hxg5 20. exf6 Qxf6 21. g3
g4 22. Nd2 Ne5 23. Kg2 Qh6 24. f4 gxf3+ 25. Nxf3 Ng4 26. Qd3 Ne3+ 27. Kh1 Nxf1
28. Rxf1 Qe3 29. Qf5 g6 30. Qf6 Rbe8 31. Bb1 Qe7 32. Qf4 Be3 33. Qg4 Qf6 34. c4
Re7 35. h4 Qh8 36. Kg2 Rb8 37. Kh1 Qh5 38. Qh3 Rxb1 0-1

[Event "4NCL Division Three Knights"]
[Site "Telford, ENG"]
[Date "2024.03.16"]
[Round "7.16"]
[White "Stubbs, John"]
[Black "Trevelyan, John"]
[Result "0-1"]
[WhiteElo "1304"]
[BlackElo "1850"]
[PlyCount "104"]
[EventDate "2024.03.16"]
[WhiteTeam "Poole Patzers"]
[BlackTeam "Rhyfelwyr Essyllwg"]

1. d4 Nf6 2. Bf4 c5 3. e3 cxd4 4. exd4 d5 5. Bb5+ Nc6 6. Nf3 a6 7. Bd3 Bg4 8.
c3 e6 9. Be2 Bxf3 10. Bxf3 Bd6 11. Bxd6 Qxd6 12. O-O O-O 13. Nd2 Rfc8 14. Nb3
Nd7 15. Re1 b5 16. Rc1 Ra7 17. Be2 Ne7 18. Bd3 Rac7 19. a3 Nb6 20. Nc5 Nc4 21.
Bxc4 bxc4 22. Qf3 Ng6 23. Qg3 Qxg3 24. hxg3 Rc6 25. Nd7 Nf8 26. Nxf8 Kxf8 27.
f4 Rb8 28. Re2 Rcb6 29. Rcc2 h5 30. Kf2 g6 31. Kf3 Kg7 32. g4 hxg4+ 33. Kxg4
Rh8 34. g3 Rh1 35. Rh2 Rb1 36. Rhf2 Rb8 37. Rce2 Rh8 38. Kf3 a5 39. Rg2 a4 40.
Ref2 Rbh1 41. g4 Kf6 42. Ke2 R8h3 43. Rf3 Re1+ 44. Kf2 Rf1+ 45. Kxf1 Rxf3+ 46.
Rf2 Rxf2+ 47. Kxf2 g5 48. Kf3 gxf4 49. Kxf4 Kg6 50. Kg3 Kg5 51. Kf3 f5 52. gxf5
exf5 0-1

[Event "4NCL Division Three Knights"]
[Site "Telford, ENG"]
[Date "2024.03.16"]
[Round "7.21"]
[White "Varley, Joe"]
[Black "Lambourne, Dan M"]
[Result "0-1"]
[WhiteElo "2059"]
[BlackElo "2086"]
[PlyCount "126"]
[EventDate "2024.03.16"]
[WhiteTeam "Hull & East Riding Tigers"]
[BlackTeam "MK Phoenix"]

1. e4 d5 2. exd5 Qxd5 3. Nc3 Qa5 4. Bc4 c6 5. Nf3 Bg4 6. h3 Bh5 7. g4 Bg6 8. d3
e6 9. Bd2 Qc7 10. a4 Be7 11. Qe2 Nd7 12. h4 h5 13. g5 O-O-O 14. O-O-O Bd6 15.
Kb1 Ne7 16. Ne4 Bxe4 17. dxe4 Ng6 18. a5 Nde5 19. Bb3 Kb8 20. Nd4 Bc5 21. Bc3
Nf4 22. Qe3 Ng4 23. Nxc6+ Qxc6 24. Qxf4+ Qc7 25. Qxc7+ Kxc7 26. f3 Nf2 27. Rxd8
Rxd8 28. Rf1 g6 29. Be5+ Kc8 30. Bg3 Nd1 31. Re1 Nf2 32. Bc4 a6 33. Be2 Nh3 34.
Bf1 Ng1 35. Bg2 Rd2 36. Bh1 Ne2 37. Be5 Bf2 38. Rf1 Bxh4 39. f4 Ng3 40. Rg1
Nxh1 41. Rxh1 Bg3 42. Kc1 Rf2 43. Kd1 Bxf4 44. Ke1 Rf3 45. Ke2 Re3+ 46. Kf2
Rxe4 47. Bf6 Bc7 48. Ra1 h4 49. Ra3 Rc4 50. c3 h3 51. Ra1 Rg4 52. Rh1 h2 53. b4
Kd7 54. Rd1+ Kc6 55. Be7 Rh4 56. Kg2 h1=Q+ 57. Rxh1 Rxh1 58. Kxh1 Kd5 59. Kg2
Ke4 60. Kf2 Kd3 61. Bf6 e5 62. Be7 e4 63. Bc5 Bf4 0-1

[Event "4NCL Division Three Knights"]
[Site "Telford, ENG"]
[Date "2024.03.16"]
[Round "7.22"]
[White "Fraser-Mitchell, Jeremy N"]
[Black "Hodge, Steve R"]
[Result "1-0"]
[WhiteElo "2087"]
[BlackElo "2042"]
[PlyCount "99"]
[EventDate "2024.03.16"]
[WhiteTeam "MK Phoenix"]
[BlackTeam "Hull & East Riding Tigers"]

1. d4 f5 2. Bg5 g6 3. Nd2 Bg7 4. e3 Nf6 5. h4 d6 6. Bd3 Nc6 7. c3 Be6 8. h5
Nxh5 9. Rxh5 gxh5 10. Qxh5+ Bf7 11. Qh3 Qd7 12. Bxf5 e6 13. Bd3 Bg6 14. e4 e5
15. d5 Qxh3 16. Nxh3 Nd8 17. Ke2 O-O 18. Rh1 Nf7 19. Bh4 a6 20. f3 Rfb8 21. Nf1
c6 22. Ne3 Bh6 23. Ng4 Bg7 24. dxc6 bxc6 25. b3 d5 26. Ng5 Nxg5 27. Bxg5 a5 28.
Ne3 a4 29. b4 d4 30. Bc4+ Kf8 31. cxd4 Rxb4 32. d5 cxd5 33. Be7+ Kxe7 34. Nxd5+
Kd6 35. Nxb4 Rb8 36. a3 Bf8 37. Rd1+ Kc5 38. Be6 Kb6 39. Rb1 Bxb4 40. Rxb4+ Kc7
41. Rxb8 Kxb8 42. Bd7 Kc7 43. Bxa4 Kb6 44. Bb3 Be8 45. Ke3 Kc5 46. g3 h5 47. f4
exf4+ 48. gxf4 h4 49. Be6 Kd6 50. Bh3 1-0